000 00420nam a2200193Ia 4500
008 240509s9999 xx 000 0 und d
020 _a0008178081628
041 _aEng
082 _a006.7
082 _bB82
100 _aBUFORD J.F.K.
245 0 _aMULTIMEDIA SYSTEMS
260 _bNEW DELHI : PEARSON
260 _c1994
300 _a451 p.
650 _aMULTIMEIDA SYSTEMS
942 _2ddc
942 _cRBK
999 _c22949
_d22949
945 _a1
_bMadushi Gamage
_c1
_dMadushi Gamage